Time-saver standards for building types / (Record no. 549330)
[ view plain ]
| 000 -LEADER | |
|---|---|
| fixed length control field | 00860cam a22002294a 4500 |
| 020 ## - INTERNATIONAL STANDARD BOOK NUMBER | |
| International Standard Book Number | 0070163871 |
| 082 00 - DEWEY DECIMAL CLASSIFICATION NUMBER | |
| Classification number | 792.2 |
| Author Mark | CHI |
| -- | N-01, P-101 |
| 100 1# - MAIN ENTRY--PERSONAL NAME | |
| Personal name | De Chiara, Joseph, |
| 9 (RLIN) | 45938 |
| 245 10 - TITLE STATEMENT | |
| Title | Time-saver standards for building types / |
| Statement of responsibility, etc. | Joseph DeChiara, Michael Crosbie, editors. |
| 250 ## - EDITION STATEMENT | |
| Edition statement | 4th ed. |
| 260 ## - PUBLICATION, DISTRIBUTION, ETC. | |
| Place of publication, distribution, etc. | New York : |
| Name of publisher, distributor, etc. | McGraw-Hill, |
| Date of publication, distribution, etc. | c2001. |
| 300 ## - PHYSICAL DESCRIPTION | |
| Extent | xv, 1005 p. : |
| Other physical details | ill. ; |
| Dimensions | 36 cm. |
| 526 ## - STUDY PROGRAM INFORMATION NOTE | |
| Program name | 0 |
| Interest level | 0 |
| Reading level | 0 |
| Title point value | 792_200000000000000_CHI |
| 650 #0 - SUBJECT ADDED ENTRY--TOPICAL TERM | |
| Topical term or geographic name entry element | Building materials |
| General subdivision | Standards. |
| 9 (RLIN) | 31743 |
| 650 #0 - SUBJECT ADDED ENTRY--TOPICAL TERM | |
| Topical term or geographic name entry element | Modular coordination (Architecture) |
| 9 (RLIN) | 31742 |
| 650 #0 - SUBJECT ADDED ENTRY--TOPICAL TERM | |
| Topical term or geographic name entry element | NUST |
| 9 (RLIN) | 6342 |
| 700 1# - ADDED ENTRY--PERSONAL NAME | |
| Personal name | Crosbie, Michael J. |
| 856 41 - ELECTRONIC LOCATION AND ACCESS | |
| Uniform Resource Identifier | <a href="http://www.loc.gov/catdir/toc/mh021/2001030275.html">http://www.loc.gov/catdir/toc/mh021/2001030275.html</a> |
| 856 42 - ELECTRONIC LOCATION AND ACCESS | |
| Uniform Resource Identifier | <a href="http://www.loc.gov/catdir/description/mh021/2001030275.html">http://www.loc.gov/catdir/description/mh021/2001030275.html</a> |
| 856 42 - ELECTRONIC LOCATION AND ACCESS | |
| Uniform Resource Identifier | <a href="http://www.loc.gov/catdir/enhancements/fy0707/2001030275-b.html">http://www.loc.gov/catdir/enhancements/fy0707/2001030275-b.html</a> |
| 942 ## - ADDED ENTRY ELEMENTS (KOHA) | |
| Source of classification or shelving scheme | |
| Koha item type | Book |
| Withdrawn status | Lost status | Source of classification or shelving scheme | Damaged status | Not for loan | Permanent Location | Current Location | Date acquired | Total Checkouts | Full call number | Barcode | Date last seen | Date last checked out | Price effective from | Koha item type |
|---|---|---|---|---|---|---|---|---|---|---|---|---|---|---|
| Military College of Engineering (MCE) | Military College of Engineering (MCE) | 09/23/2014 | 2 | 792.2 CHI | MCE-36726 | 01/15/2019 | 12/27/2018 | 09/23/2014 | Book |
